000 00399nam a22001457a 4500
005 20151106104114.0
008 151106b xxu||||| |||| 00| 0 eng d
040 _cPK-LaUMT
082 _aKHC 302.140954
_bMUB-T
100 _aمبارک علی
245 _aتاریخ اور فرقی واریت
_cمبارک علی
260 _aلاہور
_b نگارشات
_c1986
300 _a144 ص
942 _cBK
999 _c78754
_d78754